Szczegóły MARC21

Ekonomika i organizacja przedsiębiorstw transportu samochodowego : praca zbiorowa /

003 -Nazwa inst., której nr kontr. jest w polu 001 [,]
    • @
    • Nazwa instytucji, której n kontrolny jest w polu 001
    • NUKAT
005 -DATA I CZAS OSTATNIEJ MODYFIKACJI [,]
    • @
    • pole kontrolne
    • 20260407152625.0
020 -Międzynarod. znormalizowany nr książki - ISBN [ , ]
    • a
    • Numer ISBN
    • 8320606985 Find
040 -Instytucja sporządzająca opis [ , ]
    • a
    • Instytucja, która sporządziła opis (NP)
    • NUKAT
    • b
    • Język katalogowania
    • pol
    • e
    • Zasady katalogowania
    • rda
    • c
    • Instytucja, która sporządziła rekord (NP)
    • KR 93/IZ/AP
    • d
    • Instytucja, która zmodyfikowała rekord (P)
    • KR 93/MK
    • d
    • Instytucja, która zmodyfikowała rekord (P)
    • GL 001/FMM
942 -Rodzaj dokumentu [ , ]
    • c
    • Rodzaj dokumentu
    • Książka
245 -Strefa tytułu i oznaczenia odpowiedzialności [0,0]
    • a
    • Tytuł
    • Ekonomika i organizacja przedsiębiorstw transportu samochodowego : Find
    • b
    • Ciąg dalszy tytułu (NP)
    • praca zbiorowa / Find
    • c
    • Pozostałe elementy strefy tytułu i oznaczenia odpowiedzialności (NP)
    • pod redakcją Huberta Bronka ; opracowanie autorskie: Teresa Bal, Hubert Bronk, Józef Gontarz, Jerzy Gracz, Jerzy Rozwadowski, Benon Szałek, Jerzy Wolszczan.
250 -Strefa wydania [ , ]
    • a
    • Oznaczenie wydania (NP)
    • Wydanie drugie zmienione.
260 -Strefa adresu wydawniczego [ , ]
    • a
    • Miejsce wydania (P)
    • Warszawa :
    • b
    • Nazwa wydawcy (P)
    • Wydawnictwa Komunikacji i Łączności,
    • c
    • Data wydania (P)
    • 1987.
300 -Strefa opisu fizycznego [ , ]
    • a
    • Określenie formy książki i/lub objętość (NP)
    • 354, [2] strony :
    • b
    • Oznaczenie ilustracji (NP)
    • ilustracje ;
    • c
    • Format (NP)
    • 21 cm.
336 -Typ zawartości [ , ]
    • a
    • Termin opisujący typ zawartości
    • Tekst
    • b
    • Kod określający zawartość
    • txt
    • 2
    • Źródło (terminu i kodu)
    • rdacontent
337 -Typ mediów [ , ]
    • a
    • Tryb odtwarzania
    • Bez urządzenia pośredniczącego
    • b
    • Kod typu mediów
    • n
    • 2
    • Źródło (terminu i kodu)
    • rdamedia
338 -Typ/rodzaj nośnika [ , ]
    • a
    • Hasło opisujące typ nośnika
    • Wolumin
    • b
    • Kod typu nośnika
    • nc
    • 2
    • Źródło (terminu i kodu)
    • rdacarrier
504 -Uwaga dot. bibliogr. załącznikowej [ , ]
    • a
    • Uwaga dot. bibliografii załącznikowej
    • Bibliografia przy rozdziałach.
521 -Uwaga dot. przeznaczenia czytelniczego [8, ]
    • a
    • Uwaga dot. przeznaczenia czytelniczego
    • Odbiorcy: studenci kierunków ekonomiki i organizacji transportu uczelni ekonomicznych oraz pracownicy służb ekonomicznych przedsiębiorstw transportu samochodowego.
080 -Uniwersalna Klasyfikacja Dziesiętna [ , ]
    • a
    • Symbol klasyfikacji
    • 338.47
    • 9
    • UKD
    • 3252
    • 2
    • Identyfikator wydania tablic
    • UDC-P058
    • b
    • Dopowiedzenie
    • Gospodarcze aspekty komunikacji i łączności. Ekonomika łączności.
080 -Uniwersalna Klasyfikacja Dziesiętna [ , ]
    • a
    • Symbol klasyfikacji
    • :656.13.01
650 -Hasło przedmiotowe [ ,7]
    • a
    • Hasło przedmiotowe
    • Ekonomika transportu
    • 2
    • Źródło terminu
    • DBN
    • 9
    • KHW
    • 725473
650 -Hasło przedmiotowe [ ,7]
    • a
    • Hasło przedmiotowe
    • Organizacja
    • 2
    • Źródło terminu
    • DBN
    • 9
    • KHW
    • 722344
650 -Hasło przedmiotowe [ ,7]
    • a
    • Hasło przedmiotowe
    • Transport samochodowy
    • 2
    • Źródło terminu
    • DBN
    • 9
    • KHW
    • 734641
650 -Hasło przedmiotowe [ ,7]
    • a
    • Hasło przedmiotowe
    • Transport drogowy
    • x
    • Określnik rzeczowy
    • aspekt ekonomiczny.
    • 2
    • Źródło terminu
    • kaba
    • 9
    • KHW
    • 372316
650 -Hasło przedmiotowe [ ,7]
    • a
    • Hasło przedmiotowe
    • Przewoźnicy
    • x
    • Określnik rzeczowy
    • zarządzanie.
    • 2
    • Źródło terminu
    • kaba
    • 9
    • KHW
    • 479021
658 -Ujęcie treści [ , ]
    • a
    • dziedzina nauki i sztuki/ sfera aktywności życiowej
    • Gospodarka, ekonomia, finanse
658 -Ujęcie treści [ , ]
    • a
    • dziedzina nauki i sztuki/ sfera aktywności życiowej
    • Transport i logistyka
980 -Symbol UKD [ , ]
    • a
    • UKD
    • 338.47:656.13.01
700 -Hasło dodatkowe - nazwa osobowa [1, ]
    • a
    • Nazwa osobowa (NP)
    • Bronk, Hubert Find
    • d
    • Daty biograficzne (NP)
    • (1940- ).
    • e
    • Określenie rodzaju współpracy
    • Redakcja
    • e
    • Określenie rodzaju współpracy
    • Autor
700 -Hasło dodatkowe - nazwa osobowa [1, ]
    • a
    • Nazwa osobowa (NP)
    • Bal-Woźniak, Teresa. Find
    • e
    • Określenie rodzaju współpracy
    • Autor
    • 9
    • KHW
    • 43021
700 -Hasło dodatkowe - nazwa osobowa [1, ]
    • a
    • Nazwa osobowa (NP)
    • Gontarz, Józef. Find
    • e
    • Określenie rodzaju współpracy
    • Autor
    • 9
    • KHW
    • 558749
700 -Hasło dodatkowe - nazwa osobowa [1, ]
    • a
    • Nazwa osobowa (NP)
    • Gracz, Jerzy Find
    • d
    • Daty biograficzne (NP)
    • (1942-2025).
    • e
    • Określenie rodzaju współpracy
    • Autor
    • 9
    • KHW
    • 558737
700 -Hasło dodatkowe - nazwa osobowa [1, ]
    • a
    • Nazwa osobowa (NP)
    • Rozwadowski, Jerzy. Find
    • e
    • Określenie rodzaju współpracy
    • Autor
    • 9
    • KHW
    • 558744
700 -Hasło dodatkowe - nazwa osobowa [1, ]
    • a
    • Nazwa osobowa (NP)
    • Szałek, Benon Zbigniew Find
    • d
    • Daty biograficzne (NP)
    • (1948-2025).
    • e
    • Określenie rodzaju współpracy
    • Autor
    • 9
    • KHW
    • 45609
700 -Hasło dodatkowe - nazwa osobowa [1, ]
    • a
    • Nazwa osobowa (NP)
    • Wolszczan, Jerzy Find
    • d
    • Daty biograficzne (NP)
    • (1919-1984).
    • e
    • Określenie rodzaju współpracy
    • Autor
    • 9
    • KHW
    • 472930
710 -Hasło dodatkowe - nazwa ciała zbiorowego [2, ]
    • a
    • Nazwa ciała zbiorowego lub nazwa geograficzna jako pierwszy element (NP)
    • Wydawnictwa Komunikacji i Łączności.
    • e
    • Rodzaj współpracy
    • Wydawca
    • 4
    • Kod relacji
    • pbl
    • 9
    • KHW
    • 53408
920 -ISBN [ , ]
    • a
    • ISBN
    • 83-206-0698-5 Find
Data inwentaryzacji Lokalizacja Numer inwentarzowy Status udost. Sygnatura
1996-10-02BEE.561322 
1996-10-02BES.776982 
1996-10-02BES.719822 
1996-10-02BES.719832 
1996-10-02BES.593552 
1996-10-02BES.593562 
1996-10-02BES.592122 
1996-10-02BES.59233-6 
1996-10-02BES.592352 
1996-10-02BES.592362 
1996-10-02BES.592372 
1996-10-02BES.59243-6 
1996-10-02BES.592512 
1996-10-02BES.596012 
1996-10-02BES.59610-6 
1996-10-02BES.596122 
1996-10-02BES.596162 
1996-10-02TTS.59602-6 
1996-10-02TTS.59603-3 
1996-10-02TTS.59604-3 
1996-10-02TTS.59605-3 
1996-10-02TTS.59606-3 
1996-10-02TTS.59607-3 
1996-10-02TTS.59608-3 
1996-10-02TTS.59609-3 
1996-10-02TTS.59611-3 
1996-10-02TTS.59613-3 
1996-10-02TTS.59614-3 
1996-10-02TTS.59615-3 
1996-10-02TTS.59617-3TS.59617
1996-10-02TTS.59618-3 
1996-10-02TTS.59045-3 
1996-10-02TTS.59046-3 
1996-10-02TTS.59213-3 
1996-10-02TTS.59214-3 
1996-10-02TTS.59215-3 
1996-10-02TTS.59216-3 
1996-10-02TTS.59217-3 
1996-10-02TTS.59218-3 
1996-10-02TTS.59219-3 
1996-10-02TTS.59220-3 
1996-10-02TTS.59221-3 
1996-10-02TTS.59222-3 
1996-10-02TTS.59223-3 
1996-10-02TTS.59224-3 
1996-10-02TTS.59225-3 
1996-10-02TTS.59226-3 
1996-10-02TTS.59227-3 
1996-10-02TTS.59228-3 
1996-10-02TTS.59229-3 
1996-10-02TTS.59230-3 
1996-10-02TTS.59231-3 
1996-10-02TTS.59232-3 
1996-10-02TTS.59234-3 
1996-10-02TTS.59238-3 
1996-10-02TTS.59239-3 
1996-10-02TTS.59240-3 
1996-10-02TTS.59241-3TS.59241
1996-10-02TTS.59242-3 
1996-10-02TTS.59244-3 
1996-10-02TTS.59245-3 
1996-10-02TTS.59246-3 
1996-10-02TTS.59247-3 
1996-10-02TTS.59248-3 
1996-10-02TTS.59249-3 
1996-10-02TTS.59250-3 
1996-10-02TTS.59337-3 
1996-10-02TTS.59339-3 
1996-10-02TTS.59340-3 
1996-10-02TTS.59341-3 
1996-10-02TTS.59344-3 
1996-10-02TTS.59345-3 
1996-10-02TTS.59346-3 
1996-10-02TTS.59347-3 
1996-10-02TTS.59348-3 
1996-10-02TTS.59349-3 
1996-10-02TTS.59351-3 
1996-10-02TTS.59352-3 
1996-10-02TTS.59353-11 
1996-10-02TTS.59354-3 
1996-10-02TTS.59342-3 
1996-10-02TTS.59350-3 
1996-10-02TTS.59357-3 
1996-10-02TTS.59358-3 
1996-10-02TTS.59359-3 
1996-10-02TTS.59360-3 
1996-10-02TTS.59361-3 
1996-10-02TTS.59362-3 
1996-10-02TTS.59364-3 
1996-10-02TTS.59365-3 
1996-10-02TTS.59366-3 
1996-10-02TTS.59367-3 
1996-10-02TTS.59368-3 
1996-10-02TTS.59369-3 
1996-10-02TTS.59370-3 
1996-10-02TTS.59371-3 
1996-10-02TTS.59363-3 
1996-10-02TTS.79228-6TS.79228
1996-10-02TTS.79229-3 
2007-10-04TTS.59516  
1996-10-02TTS.59338-3 
1996-10-02TTS.59343-6